[Event "Vezerkepzo GM October 2021"]
[Site "Budapest"]
[Date "2021.10.20"]
[Round "7.3"]
[White "Seres, Lajos"]
[Black "Nitish Belurkar"]
[Result "1/2-1/2"]
[WhiteElo "2409"]
[BlackElo "2351"]
[Annotator "TA"]
[PlyCount "119"]
[EventDate "2021.10.14"]
[EventCountry "HUN"]
[SourceTitle "playchess.com"]
[Source "ChessBase"]
[SourceQuality "1"]

{[%evp 26,119,14,4,16,18,19,0,0,0,6,3,49,0,62,40,47,22,22,32,20,30,20,0,0,-45,-52,-47,-57,-58,-47,-62,-26,-26,0,0,0,-36,0,-7,0,-8,0,0,0,0,0,0,0,0,0,0,0,0,0,0,0,0,0,0,0,0,0,0,0,0,0,0,0,0,0,0,0,0,0,0,0,0,0,0,0,0,0,0,0,0,0,0,0,0,0,0,0,0,0,0]} 1. d4 Nf6 2. Nf3 e6 3. c4 d5 4. Nc3 c5 5. cxd5 Nxd5 6. e3 cxd4 7. exd4 Bb4 8. Bd2 Nf6 9. Bd3 Nc6 10. O-O O-O 11. a3 Be7 12. Be3 b6 13. Rc1 Bb7 14. Bb1 Rc8 {B22: Sicilian: 2 c3.} 15. Qd3 Qd6 16. Rfd1 Rfd8 17. Bg5 g6 18. Ba2 {[#]} Qb8 $146 ({Predecessor:} 18... Ng4 19. Ne4 Qd7 20. h3 f5 21. hxg4 fxe4 22. Qxe4 Nxd4 23. Qxd4 Qxd4 24. Bxe6+ Kg7 25. Rxd4 Bxg5 26. Bxc8 Rxd4 27. Rc7+ Kf6 28. Nxd4 {1-0 (27) Gahan,M (2265)-Krzywda,A (2115) Chess.com INT 2021}) 19. h3 Rd7 ({Better is} 19... Nxd4 $11 20. Nxd4 Ng4 {[%mdl 64] Discovered Attack} 21. hxg4 Bxg5) 20. Qe2 {[#] Bxe6! is the strong threat.} (20. b4 {looks sharper.} Re8 21. Qd2 Qd8 22. Bb3 a6 23. h4) 20... Rcd8 {[%cal Rc6d4]} 21. Bxe6 Nxd4 22. Nxd4 Rxd4 23. Rxd4 Rxd4 24. Bb3 Ng4 $1 {[%mdl 64] [#] ( -> ...Qh2+). Discovered Attack} 25. hxg4 (25. Bxf7+ $5 Kg7 26. hxg4 Bxg5 27. Bb3 $11) 25... Bxg5 26. Rd1 Rxd1+ 27. Qxd1 {White wants to play Qd7.} Qe5 28. Bc4 Be7 (28... Kg7 {is interesting.} 29. Be2 Bc8 30. g3 Bf6 31. Qd2 h6) 29. Bd5 Bxd5 30. Nxd5 Bd6 31. Ne3 Qh2+ 32. Kf1 {The position is equal.} Bc5 33. Qd5 (33. Qd8+ {is interesting.} Kg7 34. Nf5+ gxf5 35. Qg5+ Kf8 36. Qd8+) 33... Bxe3 (33... Qf4 {with more complications.} 34. g3 Qf6 35. Nd1 h6 36. b4 Bd4) 34. fxe3 $11 {[%mdl 4096] Endgame KQ-KQ} Qc7 {aiming for ...Qc1+.} 35. Qd4 h6 36. Ke2 Qc6 37. Kf2 Qe6 38. Kf3 Kh7 39. Kg3 Qb3 40. Kf3 a5 41. Kg3 b5 42. Kf3 Qe6 43. Kg3 a4 44. Kf3 Qc6+ 45. Kg3 Kg8 46. Kf2 Qc2+ (46... f6 {feels hotter.} 47. Qd3 Kf7 48. Qd8 Qc2+ 49. Kf3 Qxb2 50. Qd7+ Kf8) 47. Kf3 Qc6+ 48. Kg3 Qc7+ 49. Kf3 Qb7+ 50. Kf2 Qc8 (50... Qc6 {keeps more tension.} 51. Qe5 Qc4 52. Kg3 Qf1 53. Qb8+ Kh7) 51. Kf3 Qe6 52. Kf2 (52. Qd8+ {with more complications.} Kh7 53. Qd4) 52... Qa6 (52... Qe7 {looks sharper.} 53. Ke2 Kh7 54. Qd5 Qe8 55. Kf2 Kg8) 53. Kf3 Qa8+ 54. Kf2 Qb7 55. Kg3 Qc6 56. Kf2 Kf8 57. Qe5 Qb6 58. Kf3 Qb7+ 59. Kf2 Qc6 60. Kg3 {Weighted Error Value: White=0.06/Black=0.06} 1/2-1/2

[Event "Vezerkepzo GM October 2021"]
[Site "Budapest"]
[Date "2021.10.20"]
[Round "7.4"]
[White "Galyas, Miklos"]
[Black "Krishna C R G"]
[Result "1-0"]
[WhiteElo "2449"]
[BlackElo "2478"]
[Annotator "TA"]
[PlyCount "51"]
[EventDate "2021.10.14"]
[EventCountry "HUN"]
[SourceTitle "playchess.com"]
[Source "ChessBase"]
[SourceQuality "1"]

{[%evp 9,51,11,14,7,31,28,20,21,36,34,112,112,105,93,112,91,108,77,84,84,74,91,99,69,210,229,266,199,265,281,281,227,250,243,250,240,252,248,288,281,431,417,1903,1877]} 1. c4 Nf6 2. Nc3 d6 3. g3 e5 4. Bg2 Be7 5. e4 O-O 6. Nge2 {A22: English Opening: 1...e5 2 Nc3 Nf6.} Bg4 7. h3 Be6 8. d3 {The position is equal.} c6 9. O-O {[#]} d5 $146 (9... a6 $14) ({Predecessor:} 9... Qd7 10. Kh2 d5 11. cxd5 cxd5 12. exd5 Nxd5 13. Nxd5 Bxd5 14. f4 Bxg2 15. Kxg2 Qd5+ {0-1 (52) Salm,A (1483)-Hofmann,H (1787) Leipzig 2015}) 10. exd5 $16 cxd5 {[#]} 11. d4 $1 {[%cal Rd4e5]} e4 12. cxd5 Nxd5 13. Nxe4 Nc6 14. Nc5 Bxc5 15. dxc5 Ndb4 16. Nc3 Qe7 {[#]} ({Black should try} 16... Bc4 $1 $14) 17. Bf4 $1 $18 Qxc5 18. Bd6 Qc4 (18... Qb6 $142) 19. Bxf8 Rxf8 20. Ne4 Rd8 21. Qh5 Rd5 22. Qh4 {Hoping for Nf6+!} Rd4 23. Rad1 Nd3 24. b3 Qc2 (24... Qb4 {might work better.} 25. Qg5 Rxe4) 25. Qh5 Qxb3 (25... h6 $142 26. Rd2 Nf4) 26. axb3 {Black got outplayed after the opening.  Weighted Error Value: White=0.09/Black=0.38} 1-0

[Event "Vezerkepzo GM October 2021"]
[Site "Budapest"]
[Date "2021.10.20"]
[Round "7.5"]
[White "Ansat, Aldiyar"]
[Black "Fogarasi, Tibor"]
[Result "1-0"]
[WhiteElo "2408"]
[BlackElo "2333"]
[Annotator "TA"]
[PlyCount "77"]
[EventDate "2021.10.14"]
[EventCountry "HUN"]
[SourceTitle "playchess.com"]
[Source "ChessBase"]
[SourceQuality "1"]

{[%evp 9,77,15,32,16,26,26,28,24,32,16,18,0,0,8,22,24,15,16,23,13,14,28,0,31,43,44,72,76,195,193,191,205,184,192,181,136,135,110,203,202,201,202,325,318,295,318,385,403,391,389,398,384,378,374,374,370,367,381,379,364,389,300,359,321,850,854,835,835,2180,2158]} 1. e4 c5 2. Nf3 e6 3. d4 cxd4 4. Nxd4 a6 5. Nc3 Qc7 6. Qd3 {B43: Sicilian: Kan Variation: 5 Nc3.} Nf6 7. Qg3 d6 8. Be3 {White has an edge.} b5 9. a3 Bb7 10. f3 Nbd7 11. O-O-O Rc8 12. Bxb5 axb5 13. Ndxb5 Qb8 14. Nxd6+ Bxd6 15. Qxd6 Qxd6 16. Rxd6 Ke7 17. Rhd1 {[%mdl 1024] White has compensation.} Rhd8 {[#]} 18. Nb5 $146 ({Predecessor:} 18. a4 Nb8 19. Bc5 Rxd6 20. Bxd6+ Ke8 21. Nb5 Na6 22. Ba3 {1-0 (22) Schneider,J (2163)-Johannsson,B (1949) Konya 2018}) 18... h6 {[#]} (18... Rc6 $16 {is a better defense.}) 19. Bd2 $1 $18 Nc5 {[#]} 20. Bb4 $1 {And now Rxd8 would win.} Nfd7 21. Kb1 Rc6 22. R6d4 {aiming for Na7.} Ba6 23. c4 Rcc8 (23... Ke8 $16) 24. Ba5 Rg8 25. b4 {Strongly threatening Na7.} Kf6 (25... Ne5 $142) 26. bxc5 Nxc5 27. Bb4 Na4 28. Rd6 Bb7 29. R1d4 g5 30. Ka2 g4 31. f4 g3 32. h3 Nc5 33. Bxc5 Rxc5 34. Kb3 Rh5 35. Kb4 Rh4 36. c5 Rc8 (36... Rxf4 37. e5+ {[%mdl 64] Discovered Attack} Kxe5) 37. Rb6 {White is clearly winning.} Ba8 38. Nd6 Rc7 39. Ne8+ {[%mdl 64] Double Attack.  Weighted Error Value: White=0.06/Black=0.20} 1-0